<?xml version="1.0" encoding="UTF-8"?>
<record
    xmlns:xsi="http://www.w3.org/2001/XMLSchema-instance"
    xsi:schemaLocation="http://www.loc.gov/MARC21/slim http://www.loc.gov/standards/marcxml/schema/MARC21slim.xsd"
    xmlns="http://www.loc.gov/MARC21/slim">

  <leader>01534nab a2200229 uc4500</leader>
  <controlfield tag="001">844082</controlfield>
  <controlfield tag="005">20240201191159.0</controlfield>
  <controlfield tag="008">030912s2003                        spa  </controlfield>
  <datafield tag="035" ind1=" " ind2=" ">
    <subfield code="a">844082</subfield>
  </datafield>
  <datafield tag="035" ind1=" " ind2=" ">
    <subfield code="a">(OCoLC)820076070</subfield>
  </datafield>
  <datafield tag="040" ind1=" " ind2=" ">
    <subfield code="c">comduadb</subfield>
  </datafield>
  <datafield tag="041" ind1=" " ind2=" ">
    <subfield code="a">spa</subfield>
  </datafield>
  <datafield tag="100" ind1="1" ind2="0">
    <subfield code="a">Osorio, Jhon Jaime</subfield>
    <subfield code="4">aut</subfield>
    <subfield code="e">aut</subfield>
    <subfield code="9">386817</subfield>
  </datafield>
  <datafield tag="245" ind1="1" ind2="3">
    <subfield code="a">La planeaci&#xF3;n de medios : del presupuesto economico al presupuesto informativo</subfield>
  </datafield>
  <datafield tag="520" ind1="3" ind2=" ">
    <subfield code="a">RESUMEN : El plan de medios es una carta de navegaci&#xF3;n, una bit&#xE1;cora, una directriz, tanto para el trabajo de un publicista como para el de un periodista corporativo; todo depende de la aplicaci&#xF3;n que se haga de esta herramienta. En publicidad, el plan determina la inversi&#xF3;n para distribuir eficientemente el presupuesto econ&#xF3;mico con el que se ha de pagar la pauta en los medios. En periodismo corporativo, se presupuesta la informaci&#xF3;n, se hace rentable, incluso en t&#xE9;rminos monetarios. Obviamente en econom&#xED;as en crisis o con asomos de inestabilidad, esta &#xFA;ltima opci&#xF3;n resulta m&#xE1;s apropiada para muchas de las organizaciones, sobre todo, cuando se pretenden resultados en imagen o reputaci&#xF3;n a largo plazo.</subfield>
  </datafield>
  <datafield tag="650" ind1=" " ind2=" ">
    <subfield code="a">Comunicaci&#xF3;n en la empresa</subfield>
    <subfield code="9">108124</subfield>
  </datafield>
  <datafield tag="650" ind1=" " ind2=" ">
    <subfield code="a">Periodismo corporativo</subfield>
    <subfield code="9">177114</subfield>
  </datafield>
  <datafield tag="650" ind1=" " ind2=" ">
    <subfield code="a">Plan de medios</subfield>
    <subfield code="9">125335</subfield>
  </datafield>
  <datafield tag="650" ind1=" " ind2="7">
    <subfield code="a">Medios de comunicaci&#xF3;n de masas</subfield>
    <subfield code="x">Influencia</subfield>
    <subfield code="2">lemb</subfield>
    <subfield code="9">107254</subfield>
  </datafield>
  <datafield tag="773" ind1="0" ind2=" ">
    <subfield code="t">Anagramas : Rumbos y Sentidos de la Comunicaci&#xF3;n (Medell&#xED;n)</subfield>
    <subfield code="g">N&#xFA;mero 02, Enero-Junio 2003, p. 71-80</subfield>
    <subfield code="w">794436</subfield>
    <subfield code="x">1692-2522</subfield>
    <subfield code="0">278842</subfield>
  </datafield>
  <datafield tag="942" ind1=" " ind2=" ">
    <subfield code="c">ARIMP</subfield>
  </datafield>
  <datafield tag="999" ind1=" " ind2=" ">
    <subfield code="c">303314</subfield>
    <subfield code="d">303314</subfield>
  </datafield>
</record>
